Best country at football/soccer for each letter - Statistics

General Stats
  • This quiz has been taken 45 times
  • The average score is 18 of 24
Answer Stats
Rank Letter Answer % Correct
5 B Brazil
100%
2 A Argentina
95%
3 F France
93%
9 G Germany
93%
21 D Denmark
85%
4 E England
85%
1 S Spain
85%
18 J japan
83%
12 I Italy
80%
79 O Oman
78%
6 P Portugal
78%
149 Y Yemen
78%
54 Q Qatar
76%
33 R Russia
76%
91 Z Zambia
76%
37 H Hungary
73%
7 N Netherlands
73%
10 C Colombia
71%
25 T Turkey
71%
14 U United States
68%
48 V Venezuela
68%
11 M Mexico
63%
136 L Liechtenstein
15%
113 K Kazakistan
2%
No matching quizzes found
Score Distribution
Percent of People with Each Score
Percentile by Number Answered
Your Score History
You have not taken this quiz